Normal view
MARC view
Entry Personal Name
001 - CONTROL NUMBER
- control field: 1068614
003 - CONTROL NUMBER IDENTIFIER
- control field:
005 - DATE AND TIME OF LATEST TRANSACTION
- control field: 20210627164505.0
008 - FIXED-LENGTH DATA ELEMENTS
- fixed length control field: 210627|| aca||aabn | a|a d
040 ## - CATALOGING SOURCE
- Original cataloging agency:
- Transcribing agency:
100 ## - HEADING--PERSONAL NAME
- Personal name: Agravala
- Fuller form of name: P. K.(Pramoda Kumara),
- Dates associated with a name: 1950-.
670 ## - SOURCE DATA FOUND
- Source citation: Work cat.: ()1045490: Environment protection and pollution control in the Ganga /, 1994
